Zmeny v rozpočtových pravidlách verejnej správy od 1. januára 2021

Novela zákona č. 523/2004 Z. z. o rozpočtových pravidlách verejnej správy vzhľadom na jej aplikáciu v podmienkach územnej samosprávy, s účinnosťou od 1. 1. 2021. Prehľad zmien v zákonoch týkajúcich sa rozpočtov zo štátneho rozpočtu u subjektov verejnej správy v oblastiach finančnej výpomoci, miezd a...

ver descrição completa

Na minha lista:
Detalhes bibliográficos
Autor principal: Konečná Veverková, Ingrid
Formato: Capítulo de Livro
Idioma:eslovaco
Assuntos:
Tags: Adicionar Tag
Sem tags, seja o primeiro a adicionar uma tag!

MARC

LEADER 00000naa a2200000 4500
001 0278015
005 20210830132000.0
041 0 |a slo 
044 |a SK 
245 1 0 |a Zmeny v rozpočtových pravidlách verejnej správy od 1. januára 2021  |c Ingrid Konečná Veverková 
520 |a Novela zákona č. 523/2004 Z. z. o rozpočtových pravidlách verejnej správy vzhľadom na jej aplikáciu v podmienkach územnej samosprávy, s účinnosťou od 1. 1. 2021. Prehľad zmien v zákonoch týkajúcich sa rozpočtov zo štátneho rozpočtu u subjektov verejnej správy v oblastiach finančnej výpomoci, miezd a platov, rezervného fondu, finančnej disciplíny a ďalšie. 
610 2 0 |a rozpočet štátny 
610 2 0 |a správa verejná 
610 2 0 |a financie verejné 
610 2 0 |a rozpočty verejné 
610 2 0 |a sústava rozpočtová 
610 2 0 |a zákony 
610 2 0 |a novelizácia 
100 1 |a Konečná Veverková, Ingrid